2019 - Globalny ranking sił zbrojnych - Statystyki

Ogólne statystyki
  • Ten quiz został rozwiązany 783 razy
  • Średni wynik to 19 z 25
Statystyki odpowiedzi
Pozycja Kraj % Poprawnych
2. Rosja
99%
1. Stany Zjednoczone
99%
3. Chiny
97%
5. Francja
96%
10. Niemcy
96%
24. Polska
96%
8. Wielka Brytania
91%
20. Hiszpania
89%
13. Brazylia
88%
6. Japonia
87%
21. Kanada
87%
4. Indie
84%
18. Korea Północna
84%
11. Włochy
84%
7. Korea Południowa
83%
14. Iran
78%
19. Australia
72%
9. Turcja
72%
12. Egipt
67%
25. Arabia Saudyjska
61%
17. Pakistan
59%
15. Indonezja
57%
16. Izrael
57%
23. Wietnam
42%
22. Tajwan
24%
Nie znaleziono quizów pasujących do podanych kryteriów
Rozkład punktacji
Procent ludzi z każdym wynikiem
Percentyl według liczby udzielonych odpowiedzi
Twoja historia wyników
Nie rozwiązałeś tego quizu